000 00422nam a2200145Ia 4500
003 OSt
005 20260226104510.0
008 211028s2019 xx 000 0 und d
040 _cAIMIT LIBRARY
041 _aeng
100 _aJohn, Neena; Suresh, Rajani.
_g1716118
_98096
245 _aStudy on employee welfare activities at Uniroyal Marine Export ltd /
260 _aMangalore
_bRajani Suresh
_c2019
942 _2ddc
_cPRO
999 _c219664
_d219664